Historia de la cuestión agraria en Colombia (Registro nro. 5143)
[ vista simple ]
| 000 -ENCABEZADO | |
|---|---|
| Número de control [NR] | 00848nam a2200241Ia 4500 |
| 008 - DE LONGITUD FIJA DE DATOS DE ELEMENTOS - INFORMACIÓN GENERAL | |
| Elementos de longitud fija [NR] | 130821s1982 ck gr spa |
| 020 ## - NUMERO INTERNACIONAL NORMALIZADO PARA LIBROS [R] | |
| Número Internacional Normalizado del libro [NR] | 8482770969 |
| 040 ## - FUENTE DE CATALOGACION [NR] | |
| Agencia de catalogación original [NR] | Co-BoUCM |
| Idioma de catalogación [NR] | spa |
| 041 ## - CODIGO DE IDIOMA [R] | |
| Código de idioma para texto/pista de sonido o título separado [R] | Español |
| 100 1# - ASIENTO PRINCIPAL--NOMBRE PERSONAL [NR] | |
| Nombre personal [NR] | Fals Borda, Orlando |
| Fechas asociadas con el nombre [NR] | 1925- |
| 245 10 - MENCION DE TITULO [NR] | |
| Título [NR] | Historia de la cuestión agraria en Colombia |
| Mención de responsabilidad, etc. [NR] | Orlando Fals Borda. |
| 250 ## - MENCION DE EDICION [NR] | |
| Mención de edición [NR] | 4a. ed. |
| 260 ## - PUBLICACION, DISTRIBUCION, ETC. (PIE DE IMPRENTA) [R] | |
| Lugar de publicación, distribución, etc. [R] | Bogotá (Colombia) |
| Nombre del editor, distribuidor, etc. [R] | Carlos Valencia |
| Fecha de publicación, distribución, etc. [R] | 1982 |
| 300 ## - DESCRIPCION FISICA [R] | |
| Extensión [R] | 178 páginas il |
| 504 ## - NOTA DE BIBLIOGRAFIA, ETC. [R] | |
| Nota de bibliografía, etc. [NR] | |
| 650 04 - ASIENTO SECUNDARIO DE MATERIA - TERMINO TEMATICO [R] | |
| 9 (RLIN) | 8726 |
| Término temático o nombre geográfico como elemento de entrada [NR] | Agricultura y Estado |
| Subdivisión general [R] | Historia |
| Subdivisión geográfica [R] | Colombia |
| 650 04 - ASIENTO SECUNDARIO DE MATERIA - TERMINO TEMATICO [R] | |
| Término temático o nombre geográfico como elemento de entrada [NR] | Agricultura |
| 9 (RLIN) | 8719 |
| 650 04 - ASIENTO SECUNDARIO DE MATERIA - TERMINO TEMATICO [R] | |
| Término temático o nombre geográfico como elemento de entrada [NR] | Agricultura |
| Subdivisión general [R] | Historia |
| Subdivisión geográfica [R] | Colombia |
| 9 (RLIN) | 8719 |
| 650 04 - ASIENTO SECUNDARIO DE MATERIA - TERMINO TEMATICO [R] | |
| Término temático o nombre geográfico como elemento de entrada [NR] | Campesinos |
| Subdivisión general [R] | Condiciones sociales |
| Subdivisión geográfica [R] | Colombia |
| 9 (RLIN) | 10380 |
| 650 04 - ASIENTO SECUNDARIO DE MATERIA - TERMINO TEMATICO [R] | |
| Término temático o nombre geográfico como elemento de entrada [NR] | Movimientos campesinos |
| Subdivisión general [R] | Historia |
| Subdivisión geográfica [R] | Colombia |
| 9 (RLIN) | 19832 |
| 942 ## - ELEMENTOS DE ENTRADA AGREGADOS (KOHA) | |
| Tipo de ítem principal el descrito en 300a | Libro |
| Tema principal | Economía |
| Edición | 4 |
| Parte restante de la signatura top. | F197h |
| Sistema de clasificación | DEWEY |
| Clasificación | 338.1861 |
| Fecha de último préstamo | Total préstamos | Total Renewals | Signatura topográfica | Código de barras | Última vez visto | Volúmen / Fascículo | Ejemplar | Price effective from | Tipo de ítem | Perdido | Sistema de clasificación | Dañado | No prestable | Tipo de ítem específico | Suprimido | Ubicación habitual | Ubicación actual | Localización | Fecha de creación | Forma de adquisición | Costo |
|---|---|---|---|---|---|---|---|---|---|---|---|---|---|---|---|---|---|---|---|---|---|
| 28/02/2025 | 27 | 9 | 338.1861 F197h | 100024853 | 04/12/2025 | 4a.Ed. | Ej.1 | 03/02/2013 | Libro | DEWEY | Libro | Claustro | Claustro | Mezanine | 28/02/2003 | Compra | 380.00 | ||||
| 13/04/2023 | 22 | 10 | 338.1861 F197h | 100062927 | 04/12/2025 | 4a. Ed. | Ej.2 | 03/02/2013 | Libro | DEWEY | Libro | Claustro | Claustro | Mezanine | 28/02/2004 | Donación | 10000.00 |